00250nam a2200097Ia 4500008004100000100001900041245004900060260001900109300001000128650001400138190216s9999||||xx |||||||||||||| ||und|| aArthur I Vogel 0aText Book Of Quantitative Inorganic Analysis bLongmansc1961 a1214p aChemistry